000 00332nam a2200133Ia 4500
008 230917s9999||||xx |||||||||||||| ||und||
040 _e94332
_aMAIN
041 _aEnglish
082 _a331.2101 M896C
100 _aMukhtiar Singh
245 0 _aCollective bargaining in selected Indian industries
300 _a342 p.
942 _cTH
999 _c79150
_d79150